000
00331nam a2200157Ia 4500
100
_a
Stallings/William
250
_a
4
942
_c
BK
654
_a
Operating System
245
_a
Operating system
260
_b
Pearson Education
_a
Auckland
_c
2003
082
_a
5.43
_b
WIL
300
_a
779
546
_a
ENGLISH
999
_c
23382
_d
23382